=LDR 00000nam 2200000 4500 =001 INLIS000000000052306 =005 20200318074126 =035 ##$$a 0010-0218000002 =007 ta =008 200318################g##########0#ind## =020 ##$$a 979-98406-61-7 =082 ##$$a 297.14 =084 ##$$a 297.14 SHA r =100 #$$a Shalih Bin Abdul Aziz Bin Muhammad Bin Ali Syeikh =245 1#$$a Rahasia Al-Fatihah : $b Memahami, mentadaburi dan mengambil manfaat dari surah al-Fatihah /$c Shalih Bin Abdul Aziz Bin Muhammad Bin Ali Syeikh =250 ##$$a cet.1 =260 ##$$a Surakarta :$b Ziyad Books,$c 2014 =300 ##$$a 120 hlm. ; $c 21 x 14 cm =500 ##$$a Judul asli : Al-Fatihah Ummul Al-Qur'an Sirr ash Shalat; Tafsir wa Ta'Ammulun =650 #4$$a Surah Al-Fatihah =990 ##$$a 21706870 =990 ##$$a 21706869 =990 ##$$a 21706868 =990 ##$$a 21706867 =990 ##$$a 21706866